<The> Beginnings of Market Research and Measurement of Market Advertising Effectiveness

Skúmanie začiatkov objektivizácie analýz odrážajúcich podmienky efektívnej reklamy na prelome 19. a 20. storočia, t. j. vo fázach vývoja od prvých slovníkov definícií konceptu od r. 1868 až do roku 1927. Autor sa podrobne zaoberá štúdiom dvoch hlavných kníh - monografie od Zdenka Šindlera (Moderná r...

Descripción completa

Guardado en:
Detalles Bibliográficos
Autor principal: Pavlů, Dušan
Formato: Capítulo de libro
Lenguaje:inglés
Materias:
Etiquetas: Agregar Etiqueta
Sin Etiquetas, Sea el primero en etiquetar este registro!

MARC

LEADER 00000nla a2200000 4500
001 0243000
005 20210325112013.4
041 0 |a eng 
044 |a SK 
245 1 0 |a <The> Beginnings of Market Research and Measurement of Market Advertising Effectiveness  |c Dušan Pavlů 
520 |a Skúmanie začiatkov objektivizácie analýz odrážajúcich podmienky efektívnej reklamy na prelome 19. a 20. storočia, t. j. vo fázach vývoja od prvých slovníkov definícií konceptu od r. 1868 až do roku 1927. Autor sa podrobne zaoberá štúdiom dvoch hlavných kníh - monografie od Zdenka Šindlera (Moderná reklama, vydanej v roku 1906) a od Vojtu Holmana (Reklama a život, zverejnenej v roku 1909). 
610 2 0 |a reklama 
610 2 0 |a inzercia 
610 2 0 |a prieskum trhu 
610 2 0 |a meranie konkurencieschopnosti 
610 2 0 |a vývoj 
610 2 0 |a história 
610 2 0 |a efektívnosť 
100 1 |a Pavlů, Dušan